Annual Report 2021, របាយការណ៍ប្រចាំឆ្នាំ២០២១ (Record no. 25183)
[ view plain ]
| 000 -LEADER | |
|---|---|
| fixed length control field | 00367nam a22001217a 4500 |
| 040 ## - CATALOGING SOURCE | |
| Transcribing agency | RUA |
| 082 ## - DEWEY DECIMAL CLASSIFICATION NUMBER | |
| Classification number | ANN ឡោ 2021 A126 Or.1 |
| 100 ## - MAIN ENTRY--AUTHOR NAME | |
| Personal name | ឡោ ប៊ុណ្ណា |
| 245 ## - TITLE STATEMENT | |
| Title | Annual Report 2021, របាយការណ៍ប្រចាំឆ្នាំ២០២១ |
| 260 ## - PUBLICATION, DISTRIBUTION, ETC. (IMPRINT) | |
| Place of publication | PHNOM PENH |
| Name of publisher | RUA |
| Year of publication | 2021 |
| 300 ## - PHYSICAL DESCRIPTION | |
| Number of Pages | vii, |
| Other physical details | ill, |
| Dimensions | 29cm, |
| 942 ## - ADDED ENTRY ELEMENTS (KOHA) | |
| Koha item type | ឯកសារស្រាវជ្រាវ |
| 952 ## - LOCATION AND ITEM INFORMATION (KOHA) | |
| Withdrawn status [LOCAL, KOHA] | 0 |
| Permanent Location | Date acquired | Koha item type | Lost status | Shelving location | Barcode | Current Location | Full call number |
|---|---|---|---|---|---|---|---|
| Library Block A | 2025-06-06 | ឯកសារស្រាវជ្រាវ | A126 | A083834 | Library Block A | ANN ឡោ 2021 A126 Or.1 |